[Event "Joao Pessoa op 6th"]
[Site "Joao Pessoa"]
[Date "2015.03.13"]
[Round "1"]
[White "Silva, Marcelo Valerian Jr"]
[Black "Andrade, Rafael de Souza"]
[Result "1-0"]
[WhiteElo "1631"]
[BlackElo "1994"]
[PlyCount "39"]
[EventDate "2015.03.13"]
[EventType "swiss"]
[EventRounds "6"]
[EventCountry "BRA"]
[SourceTitle "CBM 165 Extra"]
[Source "ChessBase"]
[SourceDate "2015.04.21"]
[SourceVersion "1"]
[SourceVersionDate "2015.04.21"]
[SourceQuality "1"]

1. e4 c5 2. Nf3 Nc6 3. Nc3 Nf6 4. e5 Ng4 5. Bb5 Ngxe5 6. Nxe5 Nxe5 7. d4 cxd4 8. Qxd4 Nc6 9. Bxc6 bxc6 10. 0-0 e6 11. Ne4 d5 12. Nc5 Qb6 13. b4 a5 14. c3 axb4 15. cxb4 Ra4 16. Nxe6 Rxb4 17. Nxg7+ Bxg7 18. Qxg7 Qd4 19. Re1+ Be6 20. Qxd4 1-0